<?xml version="1.0" encoding="UTF-8"?><?xml-stylesheet type="text/xsl" href="static/style.xsl"?><OAI-PMH xmlns="http://www.openarchives.org/OAI/2.0/" xmlns:xsi="http://www.w3.org/2001/XMLSchema-instance" xsi:schemaLocation="http://www.openarchives.org/OAI/2.0/ http://www.openarchives.org/OAI/2.0/OAI-PMH.xsd"><responseDate>2026-04-18T01:19:23Z</responseDate><request verb="GetRecord" identifier="oai:www.recercat.cat:2072/460696" metadataPrefix="marc">https://recercat.cat/oai/request</request><GetRecord><record><header><identifier>oai:recercat.cat:2072/460696</identifier><datestamp>2025-07-29T20:38:11Z</datestamp><setSpec>com_2072_98</setSpec><setSpec>col_2072_378192</setSpec></header><metadata><record xmlns="http://www.loc.gov/MARC21/slim" xmlns:dcterms="http://purl.org/dc/terms/" xmlns:xsi="http://www.w3.org/2001/XMLSchema-instance" xmlns:doc="http://www.lyncode.com/xoai" xsi:schemaLocation="http://www.loc.gov/MARC21/slim http://www.loc.gov/standards/marcxml/schema/MARC21slim.xsd">
   <leader>00925njm 22002777a 4500</leader>
   <datafield ind2=" " ind1=" " tag="042">
      <subfield code="a">dc</subfield>
   </datafield>
   <datafield ind2=" " ind1=" " tag="720">
      <subfield code="a">Rosa, Carlo</subfield>
      <subfield code="e">author</subfield>
   </datafield>
   <datafield ind2=" " ind1=" " tag="260">
      <subfield code="c">2022</subfield>
   </datafield>
   <datafield ind2=" " ind1=" " tag="520">
      <subfield code="a">La actual crisis sanitaria nos muestra que la domesticación a gran escala de los hábitats naturales, provocando el empobrecimiento de la biodiversidad del planeta, facilita la propagación de virus, como el SARS-CoV-2. Esto nos obliga a repensar la relación entre naturaleza y cultura a la luz de la crisis ecológica de nuestro tiempo. Poniendo en relación la perspectiva ecológica de Gregory Bateson, la investigación biosemiótica de Eduardo Kohn y el perspectivismo de Eduardo Viveiros de Castro, realizo una interpretación de las ecocosmologías indígenas para esbozar una propuesta preliminar de pedagogía más allá de lo humano, que pueda alimentar el debate sobre la relación entre cultura y naturaleza en el marco de la educación ambiental y sustentable.</subfield>
   </datafield>
   <datafield ind2=" " ind1=" " tag="520">
      <subfield code="a">L'actual crisi sanitària ens mostra que la domesticació a gran escala dels hàbitats naturals, provocant l'empobriment de la biodiversitat del planeta, facilita la propagació de virus, com el SARS-CoV-2. Això ens obliga a repensar la relació entre naturalesa i cultura a la llum de la crisi ecològica del nostre temps. Posant en relació la perspectiva ecològica de Gregory Bateson, la recerca biosemiótica d'Eduardo Kohn i el perspectivisme d'Eduardo Viveiros de Castro, realitzo una interpretació de les ecocosmologies indígenes per a esbossar una proposta preliminar de pedagogia més enllà de l'humà, que pugui alimentar el debat sobre la relació entre cultura i naturalesa en el marc de l'educació ambiental i sustentable.</subfield>
   </datafield>
   <datafield ind2=" " ind1=" " tag="520">
      <subfield code="a">The current health crisis shows us that the large-scale domestication of natural habitats, causing the impoverishment of the planet's biodiversity, facilitates the spread of viruses, such as SARS-CoV-2. This forces us to rethink the relationship between nature and culture considering the ecological crisis of our time. Putting in relation the ecological perspective of Gregory Bateson, the biosemiotic research of Eduardo Kohn and the perspectivism of Eduardo Viveiros de Castro, I make an interpretation of indigenous ecocosmologies to outline a preliminary proposal of pedagogy beyond the human, which can promote the debate on the relationship between culture and nature in the framework of environmental and sustainable education.</subfield>
   </datafield>
   <datafield tag="653" ind2=" " ind1=" ">
      <subfield code="a">Indigenous eco-cosmologies</subfield>
   </datafield>
   <datafield tag="653" ind2=" " ind1=" ">
      <subfield code="a">Interculturality</subfield>
   </datafield>
   <datafield tag="653" ind2=" " ind1=" ">
      <subfield code="a">Dialogue of knowledge</subfield>
   </datafield>
   <datafield tag="653" ind2=" " ind1=" ">
      <subfield code="a">Environmental education</subfield>
   </datafield>
   <datafield tag="653" ind2=" " ind1=" ">
      <subfield code="a">Posthumanism</subfield>
   </datafield>
   <datafield tag="653" ind2=" " ind1=" ">
      <subfield code="a">Ecocosmologías indígenas</subfield>
   </datafield>
   <datafield tag="653" ind2=" " ind1=" ">
      <subfield code="a">Interculturalidad</subfield>
   </datafield>
   <datafield tag="653" ind2=" " ind1=" ">
      <subfield code="a">Pedagogía ambiental</subfield>
   </datafield>
   <datafield tag="653" ind2=" " ind1=" ">
      <subfield code="a">Diálogo de saberes</subfield>
   </datafield>
   <datafield tag="653" ind2=" " ind1=" ">
      <subfield code="a">Posthumanismo</subfield>
   </datafield>
   <datafield tag="653" ind2=" " ind1=" ">
      <subfield code="a">Eco-cosmologies indígenes</subfield>
   </datafield>
   <datafield tag="653" ind2=" " ind1=" ">
      <subfield code="a">Interculturalitat</subfield>
   </datafield>
   <datafield tag="653" ind2=" " ind1=" ">
      <subfield code="a">Pedagogia ambiental</subfield>
   </datafield>
   <datafield tag="653" ind2=" " ind1=" ">
      <subfield code="a">Diàleg de sabers</subfield>
   </datafield>
   <datafield tag="653" ind2=" " ind1=" ">
      <subfield code="a">Post humanisme</subfield>
   </datafield>
   <datafield ind2="0" ind1="0" tag="245">
      <subfield code="a">Conocer "con" la naturaleza. Reflexiones (pandémicas) para una posible pedagogía más allá de lo humano</subfield>
   </datafield>
</record></metadata></record></GetRecord></OAI-PMH>